000
00256nam a2200109Ia 4500
008
220204s9999 xx 000 0 und d
082
_a
336.71
_b
PER
100
_a
PERRY, F E
245
0
_a
Elements of banking
260
_a
London
_b
Methuen
_c
1977
942
_c
BK
999
_c
27986
_d
27986